| 000 | 00525nam a2200181 4500 | ||
|---|---|---|---|
| 999 |
_c170481 _d170481 |
||
| 005 | 20191216162819.0 | ||
| 010 | _aENG-127155 | ||
| 020 |
_a9789352877911 _c495.00 |
||
| 035 | _aEN-110687 | ||
| 037 | _bDBAD/PUB | ||
| 082 | _aN | ||
| 100 | _aSaniya | ||
| 245 |
_aOf closures & new beginnings / _cby Saniya |
||
| 260 |
_aHyderabad _bOrient Blankswan Private _c2019 |
||
| 270 |
_a3-6-752 Himayatnagar, Hyderabad _bTelangana _e500029 _mindo@orientblackswan.com |
||
| 300 |
_axvi;257p . _c21cm(pbk) |
||
| 942 |
_2ddc _cEN _hN _mSAN |
||